Communication Issues In Bangladesh / (Record no. 63)

MARC details
000 -LEADER
fixed length control field 00597nam a22001937a 4500
001 - CONTROL NUMBER
control field BD-DhSAU 63
003 - CONTROL NUMBER IDENTIFIER
control field BD-DhSAU
005 - DATE AND TIME OF LATEST TRANSACTION
control field 20140609105959.0
008 - FIXED-LENGTH DATA ELEMENTS--GENERAL INFORMATION
fixed length control field 131226b ii a|||| |||| 001 0 eng d
040 ## - CATALOGING SOURCE
Transcribing agency BD-DhSAU
082 ## - DEWEY DECIMAL CLASSIFICATION NUMBER
Edition number 22
Classification number 384.095492 / RAC
100 ## - MAIN ENTRY--PERSONAL NAME
Personal name Rahman, M. Golam
245 ## - TITLE STATEMENT
Title Communication Issues In Bangladesh /
Statement of responsibility, etc. M. Golam Rahman
260 ## - PUBLICATION, DISTRIBUTION, ETC. (IMPRINT)
Place of publication, distribution, etc. New Delhi, India :
Name of publisher, distributor, etc. Har-Anand Publication Pvt. Ltd,
Date of publication, distribution, etc. 1999.
300 ## - PHYSICAL DESCRIPTION
Extent x, 177p. :
Other physical details ill. ;
Dimensions 22cm.
504 ## - BIBLIOGRAPHY, ETC. NOTE
Bibliography, etc Includes Bibliographical References.
650 ## - SUBJECT ADDED ENTRY--TOPICAL TERM
Topical term or geographic name as entry element Agricultural Extenssion
650 ## - SUBJECT ADDED ENTRY--TOPICAL TERM
Topical term or geographic name as entry element Agricultural Information
942 ## - ADDED ENTRY ELEMENTS (KOHA)
Source of classification or shelving scheme Dewey Decimal Classification
Koha item type Book
Holdings
Withdrawn status Lost status Source of classification or shelving scheme Damaged status Not for loan Home library Branch Name Date acquired Total Checkouts Full call number Barcode Date last seen Price effective from Koha item type Total Renewals Date checked out Collection code Cost, replacement price Shelving location
    Dewey Decimal Classification     SAU Library SAU Library 26/12/2013   384.095492 / RAC 31350 26/12/2013 26/12/2013 Book          
    Dewey Decimal Classification     SAU Library SAU Library 26/12/2013   384.095492 / RAC 31348 26/12/2013 26/12/2013 Book          
    Dewey Decimal Classification     SAU Library SAU Library 26/12/2013   384.095492 / RAC 31347 26/12/2013 26/12/2013 Book          
    Dewey Decimal Classification     SAU Library SAU Library 26/12/2013   384.095492 / RAC 32125 26/12/2013 26/12/2013 Book          
    Dewey Decimal Classification     SAU Library SAU Library 26/12/2013 1 384.095492 / RAC 32639 22/06/2016 26/12/2013 Book 1 14/06/2016      
    Dewey Decimal Classification     SAU Library SAU Library 26/12/2013   384.095492 / RAC 31351 26/12/2013 26/12/2013 Book          
    Dewey Decimal Classification     SAU Library SAU Library 26/12/2013   384.095492 / RAC 31349 26/12/2013 26/12/2013 Book          
    Dewey Decimal Classification     SAU Library SAU Library 26/12/2013   384.095492 / RAC 32638 26/12/2013 26/12/2013 Book          
    Dewey Decimal Classification     SAU Library SAU Library 26/12/2013   384.095492 / RAC 32325 26/12/2013 26/12/2013 Book          
    Dewey Decimal Classification   Not For Loan SAU Library SAU Library 26/12/2013   384.095492 / RAC 30560 26/12/2013 26/12/2013 Book     Reference 0.00  
    Dewey Decimal Classification   Not For Loan SAU Library SAU Library 28/06/2001   384.095492 / RAC 29423 12/01/2014 12/01/2014 Book     Reference 0.00  
    Dewey Decimal Classification   Not For Loan SAU Library SAU Library 29/11/2006   384.095492 / RAC 32120 12/01/2014 12/01/2014 Book     Reference    
    Dewey Decimal Classification   Not For Loan SAU Library SAU Library 28/05/2015   384.095492 / RAC 30559 28/05/2015 28/05/2015 Book     Reference   Reference